country the USSR formaly declared war on. - Statistics

General Stats
  • This quiz has been taken 48 times
  • The average score is 7 of 9
Answer Stats
Hint Answer % Correct
1941 Germany
93%
1939 Poland
93%
1945 Japan
86%
1979 Afghanistan
81%
1939 Finland
79%
1941 Romania
76%
1941 Italy
71%
1944 Bulgaria
69%
1944 Hungary
69%
No matching quizzes found
Score Distribution
Percent of People with Each Score
Percentile by Number Answered
Your Score History
You have not taken this quiz